000 00345pam a2200157a 44500
008 230515b1984 xxu||||| |||| 00| 0 eng d
020 _aNULL
041 _aENGL
082 _a620.106 KUM
100 _aKUMAR K.L
245 _aENGINEERING FLUID MECHANICS
250 _a3
260 _aNULL
_bEURAS
_c1984
300 _a775PB
650 _aNULL
999 _c615834
_d615834